| 000 | 00993pam a2200265 a 4500 | ||
|---|---|---|---|
| 001 | 3294950 | ||
| 005 | 19831103000000.0 | ||
| 008 | 830222s1984 nyua 001 0 eng | ||
| 010 | _a 83000866 | ||
| 020 | _a0070615519 : | ||
| 040 |
_aDLC _cDLC _dDLC |
||
| 050 | 0 | 0 |
_aT352 _b.S74 1984 |
| 082 | 0 | 0 |
_a604.2 _219 _bSTI |
| 100 | 1 |
_aStitt, Fred A. _97465 |
|
| 245 | 1 | 0 |
_aSystems graphics : _bBreakthroughs in drawing production and project management for architects, designers, and engineers / _cFred A. Stitt. |
| 260 |
_aNew York : _bMcGraw-Hill, _cc1984. |
||
| 300 |
_aviii, 261 p. : _bill. ; _c29 cm. |
||
| 490 | 4 | _aThe McGraw-Hill designing with systems series | |
| 500 | _aIncludes index. | ||
| 650 | 0 |
_aDrawing-room practice. _97466 |
|
| 650 | 0 |
_aCopying processes. _97467 |
|
| 650 | 0 |
_aEngineering graphics. _97468 |
|
| 942 |
_2ddc _cBB |
||
| 999 |
_c12174 _d12174 |
||